<?xml version="1.0" encoding="UTF-8"?>
<record
    xmlns:xsi="http://www.w3.org/2001/XMLSchema-instance"
    xsi:schemaLocation="http://www.loc.gov/MARC21/slim http://www.loc.gov/standards/marcxml/schema/MARC21slim.xsd"
    xmlns="http://www.loc.gov/MARC21/slim">

  <leader>02566nam a22002655a 4500</leader>
  <datafield tag="999" ind1=" " ind2=" ">
    <subfield code="c">18972</subfield>
    <subfield code="d">18944</subfield>
  </datafield>
  <controlfield tag="005">20181016141039.0</controlfield>
  <controlfield tag="008">150212t2008    enk    frb   f001 0 eng d</controlfield>
  <datafield tag="020" ind1=" " ind2=" ">
    <subfield code="a">9780521477727</subfield>
  </datafield>
  <datafield tag="040" ind1=" " ind2=" ">
    <subfield code="a">EG-ScBUE</subfield>
    <subfield code="b">eng</subfield>
    <subfield code="c">EG-ScBUE</subfield>
    <subfield code="d">EG-ScBUE</subfield>
  </datafield>
  <datafield tag="082" ind1="0" ind2="4">
    <subfield code="a">320.09</subfield>
    <subfield code="b">CAM</subfield>
    <subfield code="2">22</subfield>
  </datafield>
  <datafield tag="245" ind1="0" ind2="4">
    <subfield code="a">The Cambridge history of political thought, 1450-1700 /</subfield>
    <subfield code="c">edited by J. H. Burns, with the assistance of  Mark Goldie.</subfield>
  </datafield>
  <datafield tag="246" ind1="3" ind2="0">
    <subfield code="a">History of political thought, 1450-1700</subfield>
  </datafield>
  <datafield tag="250" ind1=" " ind2=" ">
    <subfield code="a">1st ed., 4th printing.</subfield>
  </datafield>
  <datafield tag="260" ind1=" " ind2=" ">
    <subfield code="a">Cambridge :</subfield>
    <subfield code="b">Cambridge University Press,</subfield>
    <subfield code="c">c.2008.</subfield>
  </datafield>
  <datafield tag="300" ind1=" " ind2=" ">
    <subfield code="a">xii, 798 p. ;</subfield>
    <subfield code="c">24 cm.</subfield>
  </datafield>
  <datafield tag="504" ind1=" " ind2=" ">
    <subfield code="a">Includes bibliographical references and index.</subfield>
  </datafield>
  <datafield tag="505" ind1="0" ind2=" ">
    <subfield code="a">I. Renaissance and Counter-Renaissance -- Humanism and political theory / Anthony Grafton -- Italian political thought, 1450-1530 / Nicolai Rubinstein -- Law / Donald R. Kelley --
Transalpine humanism / Brendan Bradshaw -- Scholasticism : survival and revival / J.H. Burns -- II. Religion, civil government, and the debate on constitutions --Christian obedience and authority, 1520-1550 / Francis Oakley -- Calvinism and resistance theory, 1550-1580 / Robert M. Kingdon -- Catholic resistance theory, Ultramontanism, and the royalist response, 1580-1620 / J.H.M. Salmon -- Constitutionalism / Howell A. Lloyd -- Sovereignty and the mixed constitution : Bodin and his critics / Julian H. Franklin --
Utopianism / J.C. Davis -- III. Absolutism and revolution in the seventeenth century -- Absolutism and royalism / J.P. Sommerville -- England : ancient constitution and common law / Corinne C. Weston -- Leveller democracy and the Puritan Revolution / David Wootton -- English republicanism / Blair Worden -- IV. The end of Aristotelianism -- Tacitism, scepticism, and reason of state / Peter Burke -- Grotius and Selden / Richard Tuck -- Hobbes and Spinoza / Noel Malcolm -- V. Natural law and utility -- Pufendorf / Alfred Dufour --
The reception of Hobbes / Mark Goldie -- Locke / James Tully -- Conclusion / J.H. Burns.</subfield>
  </datafield>
  <datafield tag="520" ind1=" " ind2=" ">
    <subfield code="a">This 1992 book presents a comprehensive scholarly account, written by a highly distinguished team of contributors, of the development of European political thinking through the Renaissance and the reformation to the 'scientific revolution' and political upheavals of the seventeenth century. </subfield>
  </datafield>
  <datafield tag="650" ind1=" " ind2="7">
    <subfield code="a">Political science</subfield>
    <subfield code="x">History.</subfield>
    <subfield code="2">BUEsh</subfield>
    <subfield code="9">9516</subfield>
  </datafield>
  <datafield tag="651" ind1=" " ind2=" ">
    <subfield code="2">BUEsh</subfield>
  </datafield>
  <datafield tag="653" ind1=" " ind2=" ">
    <subfield code="b">BUSBOL</subfield>
    <subfield code="c">February2015</subfield>
    <subfield code="c">October2018</subfield>
  </datafield>
  <datafield tag="700" ind1="1" ind2=" ">
    <subfield code="a">Burns, J. H.,</subfield>
    <subfield code="q">(James Henderson)</subfield>
    <subfield code="e">editor.</subfield>
    <subfield code="9">37398</subfield>
  </datafield>
  <datafield tag="700" ind1="1" ind2=" ">
    <subfield code="a">Goldie, Mark,</subfield>
    <subfield code="e">editor.</subfield>
    <subfield code="9">37399</subfield>
  </datafield>
  <datafield tag="942" ind1=" " ind2=" ">
    <subfield code="2">ddc</subfield>
    <subfield code="k">320.09 CAM</subfield>
  </datafield>
  <datafield tag="952" ind1=" " ind2=" ">
    <subfield code="0">0</subfield>
    <subfield code="1">0</subfield>
    <subfield code="2">ddc</subfield>
    <subfield code="4">0</subfield>
    <subfield code="7">0</subfield>
    <subfield code="8">Baccah</subfield>
    <subfield code="a">MAIN</subfield>
    <subfield code="b">MAIN</subfield>
    <subfield code="c">1ST</subfield>
    <subfield code="d">2015-02-12</subfield>
    <subfield code="e">Purchase</subfield>
    <subfield code="g">472.00</subfield>
    <subfield code="h">21201</subfield>
    <subfield code="l">0</subfield>
    <subfield code="o">320.09 CAM</subfield>
    <subfield code="p">000037401</subfield>
    <subfield code="r">2025-07-15 00:00:00</subfield>
    <subfield code="v">590.00</subfield>
    <subfield code="y">BB</subfield>
  </datafield>
</record>
